MARC

LEADER 00000nas a2200000 i 4500
001 ssj0012069
003 WaSeSS
005 20200512172242.0
006 m d
007 cr n
008 050614c19769999txufr pss b 0 a0eng c
010 |a  2014271439 
016 7 |a 010488594  |2 Uk 
022 |a 2376-6670  |y 0749-4025 
035 |a (WaSeSS)ssj0012069 
037 |a 22573/ctt3bb31q  |b JSTOR, 2 Rector Street, 18th Floor, New York, NY 10006 
040 |a OCLCS  |b eng  |c OCLCS  |d OCLCE  |d OCLCQ  |d UKMGB  |d OCLCQ  |d OCLCF  |d OCLCO  |d DLC  |d TEF  |d TXA  |d TEF  |d AU@  |d VT2  |d WaSeSS 
042 |a pcc  |a nsdp 
043 |a n-us--- 
050 4 |a LB1034  |b .J68 
082 0 4 |a 371.1/02/05  |2 20 
222 4 |a The Journal of classroom interaction  |b (Online) 
245 0 4 |a The Journal of classroom interaction  |h [electronic resource]. 
260 |3 1976:  |a Washington, D.C. :  |b School of Education, American University,  |c 1976- 
260 3 |3 1977- :  |a Houston, Texas :  |b College of Education, University of Houston 
310 |a Semiannual 
362 1 |a Began with: Vol. 12, no. 1 (Dec. 1976). 
506 |a License restrictions may limit access. 
515 |a Some no. issued combined. 
588 |a Description based on: Vol. 12, no. 1 (Dec. 1976); title from PDF cover (JSTOR website viewed Dec. 17, 2014). 
588 |a Latest issue consulted: Vol. 46, no. 2 (2011) (JSTOR website, viewed Jan. 23, 2015). 
650 0 |a Interaction analysis in education  |v Periodicals. 
650 0 |a Communication in education  |v Periodicals. 
650 1 7 |a Onderwijs.  |2 gtt 
650 1 7 |a Sociale interactie.  |2 gtt 
650 6 |a Interaction en éducation  |v Périodiques. 
650 6 |a Communication en éducation  |v Périodiques. 
650 7 |a Communication in education.  |2 fast  |0 (OCoLC)fst00870133 
650 7 |a Interaction analysis in education.  |2 fast  |0 (OCoLC)fst00975973 
655 0 |a Electronic journals. 
710 2 |a American University (Washington, D.C.).  |b School of Education. 
710 2 |a University of Houston.  |b College of Education. 
776 0 8 |i Print version:  |t Journal of classroom interaction  |x 0749-4025  |w (DLC) 91662105  |w (OCoLC)3838812 
780 0 0 |t Classroom interaction newsletter  |x 2376-6654  |w (DLC) 2014271438  |w (OCoLC)898193783 
856 4 0 |z Full text available from Research Library: 07/01/2004 to present  |u https://search.proquest.com/publication/48326